Morph mod (dream smp member Tommyinnit) - Statistics

General Stats
  • This quiz has been taken 93 times
  • The average score is 10 of 14
Answer Stats
Hint Answer % Correct
"Don't talk about fish fetishes in my stream" Tommy
97%
"I'm burgers" Tommyinnit
97%
"HEY GOIYS" Wilbur
92%
"Oh I'ma cat I don't take fall damage" Philza
86%
"I can't believe that the staple bit of this video is fussy" Philza
86%
"You've been hit by You've been struck by fucking big criminal" Charlie-slimecicle
82%
"funny pun" Schlatt
78%
"I wanna be british" Schlatt
78%
"Suck dick I must" JSchlatt
60%
"BIG PILL BEE NEW QUEEN NEW QUEEN" Charbee
58%
"SMALL BEE, BIG STINGS" Charbee/Slimecicle
58%
"Hey Phil got any pollen in ya brother" Wilbee
57%
"I NEED SOME FUCKEN NECTAR" Wilbee/Wilbur
57%
"TOMBEEINNIT" Tombeeinnit
48%
No matching quizzes found
Score Distribution
Percent of People with Each Score
Percentile by Number Answered
Your Score History
You have not taken this quiz